000 02651cam a2200661 a 4500
001 10503
003 BD RJUL
005 20211208234951.0
008 230114m19581958sz a i100 0 eng d
035 _a(OCoLC)9381034
035 _a(OCoLC)ocm09381034
035 _a(UkDhU)b10595818
035 _aBD RJUL
038 _aOCoLC
040 _aOCO
_cOCO
_dCOD
_dHUH
_dNLM
_dAGL
_dCGC
_dAU@
_dZWZ
_dBD RJUL
_beng
041 1 _aeng
_afre
_arus
_aspa
082 _a539.71
_bPRO 1958
245 1 0 _aProceedings of the second United Nations International Conference on the Peaceful Uses of Atomic Energy :
_bheld in Geneva, 1 September-13 September 1958 /
_nVolume. 6:
_pBasic Metallurgy and Fabrication of Fuels.
246 3 _aPeaceful uses of atomic energy
260 _aGeneva :
_bUnited Nations,
_c1958.
300 _aix,720 p.:
_bill. ;
_c29 cm.
500 _aUnited Nations publication. Sales No.: 58.IX.2."
650 0 _aNuclear engineering
_vCongresses.
_932449
650 0 _aNuclear energy
_vCongresses.
_932450
650 0 _aRadiation
_xSafety measures
_vCongresses.
_932451
710 2 _aUnited Nations.
_932452
711 _aInternational Conference on the Peaceful Uses of Atomic Energy (2nd :
_d1958 :
_cGeneva, Switzerland)
_932267
740 0 2 _aProgress in atomic energy
740 0 2 _aSurvey of raw material resources
740 0 2 _aProcessing of raw materials
740 0 2 _aProduction of nuclear materials and isotopes
740 0 2 _aProperties of reactor materials
740 0 2 _aBasic metallurgy and fabrication of fuels
740 0 2 _aReactor technology
740 0 2 _aNuclear power plants
740 0 2 _aReactor safety and control
740 0 2 _aReactor physics
740 0 2 _aReactor physics and economics
740 0 2 _aNuclear physics and instrumentation
740 0 2 _aPhysics in nuclear energy
740 0 2 _aNuclear data and reactor theory
740 0 2 _aProcessing irradiated fuels and radioactive materials
740 0 2 _aWaste treatment and environmental aspects of atomic energy
740 0 2 _aUse of isotopes
740 0 2 _aIsotopes in research
740 0 2 _aHealth and safety : dosimetry and standards
740 0 2 _aBiological effects of radiation
740 0 2 _aExperience in radiological protection
740 0 2 _aIsotopes in biochemistry and physiology
740 0 2 _aIsotopes in medicine
740 0 2 _aIsotopes in agriculture
740 0 2 _aBasic chemistry in nuclear energy
740 0 2 _aChemical effects of radiation
740 0 2 _aFundamental physics
740 0 2 _aTheoretical and experimental aspects of controlled nuclear fusion
740 0 2 _aControlled fusion devices
942 _2ddc
_cBK
999 _c10503
_d10503